<?xml version="1.0" encoding="UTF-8"?>
<record
    xmlns:xsi="http://www.w3.org/2001/XMLSchema-instance"
    xsi:schemaLocation="http://www.loc.gov/MARC21/slim http://www.loc.gov/standards/marcxml/schema/MARC21slim.xsd"
    xmlns="http://www.loc.gov/MARC21/slim">

  <leader>01076cam a2200277 a 4500</leader>
  <controlfield tag="001">35</controlfield>
  <controlfield tag="003">BR-CuiBMT</controlfield>
  <controlfield tag="005">20231110234859.0</controlfield>
  <controlfield tag="008">230804s2022    mbg           000 0 por d</controlfield>
  <datafield tag="020" ind1=" " ind2=" ">
    <subfield code="a">9786555183382</subfield>
  </datafield>
  <datafield tag="040" ind1=" " ind2=" ">
    <subfield code="a">BR-CuiBMT</subfield>
    <subfield code="c">BR-CuiBMT</subfield>
  </datafield>
  <datafield tag="080" ind1=" " ind2=" ">
    <subfield code="2">2007</subfield>
    <subfield code="a">35.078.3</subfield>
  </datafield>
  <datafield tag="090" ind1=" " ind2=" ">
    <subfield code="a">3.078.3</subfield>
    <subfield code="b">C764</subfield>
  </datafield>
  <datafield tag="245" ind1="0" ind2="0">
    <subfield code="a">Controle externo no s&#xE9;culo XXI :</subfield>
    <subfield code="b">homenagem a Sebasti&#xE3;o Helvecio conselheiro, educador e cidad&#xE3;o do mundo /</subfield>
    <subfield code="c">Cl&#xE1;udio Couto Terr&#xE3;o, Durval &#xC2;ngelo Andrade, coordenadores ; pref&#xE1;cio Mauri Torres ; [autores Adirc&#xE9;lio de Moraes Ferreira J&#xFA;nior ... et al.].</subfield>
  </datafield>
  <datafield tag="260" ind1=" " ind2=" ">
    <subfield code="a">Belo Horizonte :</subfield>
    <subfield code="b">F&#xF3;rum,</subfield>
    <subfield code="c">2022.</subfield>
  </datafield>
  <datafield tag="300" ind1=" " ind2=" ">
    <subfield code="a">354 p. ;</subfield>
    <subfield code="c">22 cm</subfield>
  </datafield>
  <datafield tag="500" ind1=" " ind2=" ">
    <subfield code="a">V&#xE1;rios autores.</subfield>
  </datafield>
  <datafield tag="504" ind1=" " ind2=" ">
    <subfield code="a">Inclui bibliografia.</subfield>
  </datafield>
  <datafield tag="600" ind1="1" ind2=" ">
    <subfield code="a">Helvecio, Sebasti&#xE3;o</subfield>
    <subfield code="x">Controle externo</subfield>
  </datafield>
  <datafield tag="650" ind1=" " ind2=" ">
    <subfield code="a">Controle externo</subfield>
    <subfield code="y">S&#xE9;c. XXI</subfield>
  </datafield>
  <datafield tag="650" ind1=" " ind2=" ">
    <subfield code="a">Finan&#xE7;as p&#xFA;blicas</subfield>
    <subfield code="x">Auditoria</subfield>
    <subfield code="z">S&#xE9;c. XXI</subfield>
  </datafield>
  <datafield tag="700" ind1="1" ind2=" ">
    <subfield code="a">Terr&#xE3;o, Cl&#xE1;udio Couto  </subfield>
    <subfield code="4">coord.</subfield>
  </datafield>
  <datafield tag="700" ind1="1" ind2=" ">
    <subfield code="a">Andrade, Durval &#xC2;ngelo </subfield>
    <subfield code="4">coord.</subfield>
  </datafield>
  <datafield tag="700" ind1="1" ind2=" ">
    <subfield code="a">Ferreira J&#xFA;nior, Adirc&#xE9;lio de Moraes</subfield>
    <subfield code="e">et al.</subfield>
    <subfield code="e">autores</subfield>
  </datafield>
  <datafield tag="942" ind1=" " ind2=" ">
    <subfield code="2">udc</subfield>
    <subfield code="c">LV</subfield>
  </datafield>
  <datafield tag="952" ind1=" " ind2=" ">
    <subfield code="0">0</subfield>
    <subfield code="1">0</subfield>
    <subfield code="2">udc</subfield>
    <subfield code="4">0</subfield>
    <subfield code="7">0</subfield>
    <subfield code="a">BIBTCEMT</subfield>
    <subfield code="b">BIBTCEMT</subfield>
    <subfield code="d">2023-06-28</subfield>
    <subfield code="l">0</subfield>
    <subfield code="o">35.078.3 C764</subfield>
    <subfield code="p">BIBTCEMT23080011</subfield>
    <subfield code="r">2023-08-04</subfield>
    <subfield code="t">Ex. 1</subfield>
    <subfield code="w">2023-08-04</subfield>
    <subfield code="y">LV</subfield>
  </datafield>
  <datafield tag="952" ind1=" " ind2=" ">
    <subfield code="0">0</subfield>
    <subfield code="1">0</subfield>
    <subfield code="2">udc</subfield>
    <subfield code="4">0</subfield>
    <subfield code="7">0</subfield>
    <subfield code="a">BIBTCEMT</subfield>
    <subfield code="b">BIBTCEMT</subfield>
    <subfield code="d">2023-11-27</subfield>
    <subfield code="l">0</subfield>
    <subfield code="o">35.078.3 C764</subfield>
    <subfield code="p">BIBTCEMT23111151</subfield>
    <subfield code="r">2023-11-27</subfield>
    <subfield code="t">Ex. 2</subfield>
    <subfield code="w">2023-11-27</subfield>
    <subfield code="y">LV</subfield>
  </datafield>
  <datafield tag="952" ind1=" " ind2=" ">
    <subfield code="0">0</subfield>
    <subfield code="1">0</subfield>
    <subfield code="2">udc</subfield>
    <subfield code="4">0</subfield>
    <subfield code="7">0</subfield>
    <subfield code="a">BIBTCEMT</subfield>
    <subfield code="b">BIBTCEMT</subfield>
    <subfield code="d">2023-11-27</subfield>
    <subfield code="l">0</subfield>
    <subfield code="o">35.078.3 C764</subfield>
    <subfield code="p">BIBTCEMT23111152</subfield>
    <subfield code="r">2023-11-27</subfield>
    <subfield code="t">Ex. 3</subfield>
    <subfield code="w">2023-11-27</subfield>
    <subfield code="y">LV</subfield>
  </datafield>
  <datafield tag="952" ind1=" " ind2=" ">
    <subfield code="0">0</subfield>
    <subfield code="1">0</subfield>
    <subfield code="2">udc</subfield>
    <subfield code="4">0</subfield>
    <subfield code="7">0</subfield>
    <subfield code="a">BIBTCEMT</subfield>
    <subfield code="b">BIBTCEMT</subfield>
    <subfield code="d">2023-11-27</subfield>
    <subfield code="l">0</subfield>
    <subfield code="o">35.078.3 C764</subfield>
    <subfield code="p">BIBTCEMT23111153</subfield>
    <subfield code="r">2023-11-27</subfield>
    <subfield code="t">Ex. 4</subfield>
    <subfield code="w">2023-11-27</subfield>
    <subfield code="y">LV</subfield>
  </datafield>
  <datafield tag="952" ind1=" " ind2=" ">
    <subfield code="0">0</subfield>
    <subfield code="1">0</subfield>
    <subfield code="2">udc</subfield>
    <subfield code="4">0</subfield>
    <subfield code="7">0</subfield>
    <subfield code="a">BIBTCEMT</subfield>
    <subfield code="b">BIBTCEMT</subfield>
    <subfield code="d">2023-11-27</subfield>
    <subfield code="l">0</subfield>
    <subfield code="o">35.078.3 C764</subfield>
    <subfield code="p">BIBTCEMT23111154</subfield>
    <subfield code="r">2023-11-27</subfield>
    <subfield code="t">Ex. 5</subfield>
    <subfield code="w">2023-11-27</subfield>
    <subfield code="y">LV</subfield>
  </datafield>
  <datafield tag="999" ind1=" " ind2=" ">
    <subfield code="c">35</subfield>
    <subfield code="d">35</subfield>
  </datafield>
</record>
